إسلامنا / (رقم التسجيلة. 28212)

تفاصيل مارك
000 -الفاتح
حقل البيانات ثابتة الطول 00567nam a2200181 a 4500
003 - محدد رقم الضبط
رقم الضبط OSt
005 - وقت وتاريخ اخر تعامل مع التسجيلة
رقم الضبط 20150408114120.0
008 - عناصر البيانات ثابتة الطول - معلومات عامة
حقل البيانات ثابتة الطول 130224s2009 ua g 000 0 ara d
020 ## - الرقم الدولى المعيارى للكتب
الرقم الدولى المعيارى للكتاب 9115269369
040 ## - مصدر الفهرسة
وكالة الفهرسة الأصلية Ma-Un
082 04 - رقم تصنيف ديوى العشرى
رقم الطبعة 21
رقم التصنيف 210.8
رقم المادة س س إ
100 1# - المدخل الرئيسى - إسم شخصى
9 (RLIN) 21628
الإسم الشخصى سابق، السيد.
245 10 - بيان العنوان
العنوان إسلامنا /
بيان المسئوليه,etc السيد سابق.
260 ## - PUBLICATION, DISTRIBUTION, ETC. (IMPRINT)
مكان الناشر او الموزع القاهرة :
اسم الناشر او الموزع دار الفتح للإعلام العربي،
تاريخ النشر أو التوزيع 2009
-- 1430.
300 ## - الوصف المادى
التعداد 259 ص. ؛
أبعاد الوعاء 24 سم.
650 #7 - المدخل الاضافى بالموضوع-مصطلح موضوعى
مصطلح موضوعي أو اسم جغرافي كعنصر مدخل الإسلام
التقسيم الفرعي الشكلي مقالات ومحاضرات
مصدر الرأس أو المصطلح aucsh
942 ## - عناصر المدخل الإضافي( كوها)
مصدر التصنيف او مخطط الترفيف Dewey Decimal Classification
Koha [default] item type كتاب
المقتنيات
حالة الفقد نموذج السعر الفعال حالة تلف ليس للاعارة رقم الطلب رقم النسخة تاريخ الاكتساب الموقع الحالي الباركود الفرع الرئيسي Date last seen نوع المادة فى نظام كوها مصدر التصنيف او خطة الترفيف Total Checkouts
  2013-03-25   Not For Loan 210.8 س س إ 1 2013-03-25 المكتبة المركزية بالمجمعة (CL) 00204017 المكتبة المركزية بالمجمعة (CL) 2013-03-25 كتاب Dewey Decimal Classification  
  2013-03-25     210.8 س س إ 2 2013-03-25 المكتبة المركزية بالمجمعة (CL) 00204019 المكتبة المركزية بالمجمعة (CL) 2013-03-25 كتاب Dewey Decimal Classification  
  2013-03-25     210.8 س س إ 3 2013-03-25 المكتبة المركزية بالمجمعة (CL) 00204018 المكتبة المركزية بالمجمعة (CL) 2013-03-25 كتاب Dewey Decimal Classification  
  2013-03-20   Not For Loan 210.8 س س إ 1 2013-03-20 مكتبة كلية العلوم و الدراسات الإنسانية برماح - طالبات (SRF) 00200755 مكتبة كلية العلوم و الدراسات الإنسانية برماح - طالبات (SRF) 2013-03-20 كتاب Dewey Decimal Classification  
  2013-03-20     210.8 س س إ 2 2013-03-20 مكتبة كلية العلوم و الدراسات الإنسانية برماح - طالبات (SRF) 00200754 مكتبة كلية العلوم و الدراسات الإنسانية برماح - طالبات (SRF) 2013-03-20 كتاب Dewey Decimal Classification  
  2013-03-20   Not For Loan 210.8 س س إ 1 2013-03-20 مكتبة كلية العلوم و الدراسات الإنسانية برماح - طلاب (SRM) 00202458 مكتبة كلية العلوم و الدراسات الإنسانية برماح - طلاب (SRM) 2013-03-20 كتاب Dewey Decimal Classification  
  2013-03-20     210.8 س س إ 2 2013-03-20 مكتبة كلية العلوم و الدراسات الإنسانية برماح - طلاب (SRM) 00202457 مكتبة كلية العلوم و الدراسات الإنسانية برماح - طلاب (SRM) 2013-03-20 كتاب Dewey Decimal Classification  
  2013-03-20   Not For Loan 210.8 س س إ 1 2013-03-20 مكتبة مجمع الكليات بالزلفى - طلاب (SZM) 00200580 مكتبة مجمع الكليات بالزلفى - طلاب (SZM) 2013-03-20 كتاب Dewey Decimal Classification  
  2013-03-20     210.8 س س إ 2 2013-03-20 مكتبة مجمع الكليات بالزلفى - طلاب (SZM) 00200579 مكتبة مجمع الكليات بالزلفى - طلاب (SZM) 2013-03-20 كتاب Dewey Decimal Classification